| 000 | 01986cam a22003854a 4500 | ||
|---|---|---|---|
| 999 |
_c10435 _d10435 |
||
| 001 | 13168071 | ||
| 003 | GBCCL | ||
| 005 | 20241126110732.0 | ||
| 008 | 030418s2003 waub c b 000 0beng | ||
| 010 | _a 2003008863 | ||
| 020 | _a1576582922 | ||
| 040 |
_aDLC _cDLC _dDLC |
||
| 042 |
_apcc _alcac |
||
| 043 | _an-cn-nf | ||
| 050 | 0 | 0 |
_aR722.32.G75 _bB46 2003 |
| 082 | 0 | 0 |
_a266.0092 _aB _bBEN |
| 100 | 1 |
_aBenge, Janet, _d1958- _917368 |
|
| 245 | 1 | 0 |
_aWilfred Grenfell : _bfisher of men / _cJanet & Geoff Benge. |
| 260 |
_aSeattle, WA : _bYWAM Pub., _c2003. |
||
| 300 |
_a191 p. : _bmap ; _c20 cm. |
||
| 440 | 0 |
_aChristian heroes, then & now _917374 |
|
| 504 | _aIncludes bibliographical references (p. 191). | ||
| 505 | 0 | _aSo this is how it's all going to end -- The Sands of Dee -- New direction -- Something quite different -- On the North Sea -- Labrador -- Back to Labrador -- A growing mission -- Pomiuk -- Seal hunt -- Red Bay Co-operative Society -- A single letter changed everything -- Adrift -- International Grenfell Association -- Knight Commander of St. Michael and St. George -- Home at last. | |
| 520 | _aA biography of the twentieth-century English missionary doctor who started hospitals, fishermen's cooperatives, schools, and an orphanage in the poor fishing communities of Newfoundland and Labrador. | ||
| 600 | 1 | 0 |
_aGrenfell, Wilfred Thomason, _cSir, _d1865-1940 _vJuvenile literature. _918144 |
| 600 | 1 | 1 |
_aGrenfell, Wilfred Thomason, _cSir, _d1865-1940. _918145 |
| 650 | 0 |
_aMissionaries, Medical _zNewfoundland and Labrador _vJuvenile literature. _918146 |
|
| 650 | 1 |
_aMissionaries. _93863 |
|
| 650 | 1 |
_aPhysicians. _918147 |
|
| 700 | 1 |
_aBenge, Geoff, _d1954- _917373 |
|
| 856 | 4 | 1 |
_3Table of contents _uhttp://www.loc.gov/catdir/toc/ecip043/2003008863.html |
| 906 |
_a7 _bcbc _corignew _d1 _eecip _f20 _gy-gencatlg |
||
| 942 |
_2ddc _cBK |
||